000 00500nam a2200181Ia 4500
008 151018s9999 xx 000 0 und d
082 _bRBASDV60365
_a891.433
100 _aराजी सेठ
245 _aयही तक
250 _b1
260 _bभावना प्रकाशन धुळे
_c2010
300 _a175
600 _aराजी सेठ
630 _aयही तक
700 _aराजी सेठ
730 _aयही तक
942 _cBOOK
999 _c1053905
_d1053902